书目信息

书名: 零起点韩语超简单 
作者: 李桂瑶 主编
出版信息: 大连   大连理工大学出版社  2013.08
开本页数: 24cm  11, 273页
丛书名:
单 册:
中图分类: H
科图分类:
主题词: 朝鲜语--chao xian yu--自学参考资料
电子资源:
ISBN: 978-7-5611-8052-5
000 00985nam0 2200265 450
001 CAL 012013638807
005 20130926160849.52
010    @a978-7-5611-8052-5@dCNY34.80 (含光盘)
010    @a978-7-88879-458-0@b光盘
016    @aCN-Q08-13-00192
100    @a20130926d2013 em y0chiy0121 ea
101 @achi@akor
102    @aCN@b210000
105    @aa z 000yy
106    @ar
200 @a零起点韩语超简单@Aling qi dian han yu chao jian dan@e纯正发音的简单会话@f主编李桂瑶
210    @a大连@c大连理工大学出版社@d2013.08
215    @a11, 273页@c图@d24cm@e光盘1片
330    @a本书分为发音、会话两部分, 书中精心汇编最常用的韩语266音最标准的发音和书写, 列举了1000个韩国人日常生活中用得最多的、最频繁的交流短句等。
517 @a纯正发音的简单会话@Achun zheng fa yin de jian dan hui hua
606 @a朝鲜语@Achao xian yu@j自学参考资料
690    @aH@v5
701  0 @a李桂瑶@Ali gui yao@4主编
801  0 @aCN@bRENTIAN@c20130926
905    @aCKNYKJZYXY@b300497507-9@dH@e11@f3
    
    零起点韩语超简单:纯正发音的简单会话/主编李桂瑶.-大连:大连理工大学出版社,2013.08
    11, 273页:图;24cm+光盘1片
    
    
    ISBN 978-7-5611-8052-5:CNY34.80 (含光盘)
    本书分为发音、会话两部分, 书中精心汇编最常用的韩语266音最标准的发音和书写, 列举了1000个韩国人日常生活中用得最多的、最频繁的交流短句等。
相关链接 在五车中查询图书 在当当中查询图书 在豆瓣中查询图书


正题名:零起点韩语超简单     索取号:H/11         预约/预借

序号 登录号 条形码 馆藏地/架位号 状态 备注
1 497507   300497507   柳城-3楼/14架7列1层/ [索取号:H/11] 在馆    
2 497508   300497508   柳城-3楼/14架7列1层/ [索取号:H/11] 在馆    
3 497509   300497509   柳城-3楼/14架7列1层/ [索取号:H/11] 在馆